| Tag |
First Indicator |
Second Indicator |
Subfields |
| LEADER |
00000cam a2200000Ia 4500 |
| 001 |
in00002556708 |
| 005 |
20151201154427.0 |
| 007 |
he amv---bacp |
| 007 |
hz bhv---babp |
| 008 |
030919s1894 enka b 000 0 eng d |
| 035 |
|
|
|a (OCoLC)ocm53052703
|
| 037 |
|
|
|a CL0021000032
|b ProQuest Information and Learning, 300 N. Zeeb Rd., Ann Arbor, MI 48106-1346
|
| 040 |
|
|
|a OPP
|c OPP
|d UtOrBLW
|
| 049 |
|
|
|a OPPA
|
| 090 |
|
|
|a PZ5
|b .O67 1990 no.032:145.
|
| 100 |
1 |
|
|a Ewing, Juliana Horatia,
|d 1841-1885.
|
| 245 |
1 |
0 |
|a Jan of the windmill :
|b a story of the plains /
|c by Juliana Horatia Ewing.
|
| 264 |
|
1 |
|a London ;
|a New York :
|b G. Bell & Sons,
|c 1894
|
| 264 |
|
3 |
|a Guildford :
|b Billing and Sons
|
| 300 |
|
|
|a 151 pages :
|b illustrations
|
| 336 |
|
|
|a text
|b txt
|2 rdacontent
|
| 337 |
|
|
|a microform
|b h
|2 rdamedia
|
| 338 |
|
|
|a microfiche
|b he
|2 rdacarrier
|
| 500 |
|
|
|a "With eleven illustrations by Mrs. W. Allingham"--Cover.
|
| 500 |
|
|
|a Reproduction of original in the Bodleian Library.
|
| 510 |
4 |
|
|a Opie
|c AA 1151
|
| 533 |
|
|
|a Microfiche.
|b Ann Arbor, Mich. :
|c UMI,
|d 1999.
|e 2 microfiche ; 11 x 15 cm.
|f (Opie collection of children's literature ; 032:145).
|7 s1999 miun b
|
| 500 |
|
|
|a Microform.
|
| 650 |
|
0 |
|a Artists
|v Juvenile fiction.
|
| 650 |
|
0 |
|a Conduct of life
|v Juvenile fiction.
|
| 700 |
1 |
|
|a Allingham, Helen Paterson,
|d 1848-1926.
|
| 830 |
|
0 |
|a Opie collection of children's literature ;
|v 032:145.
|
| 994 |
|
|
|a 02
|b OPP
|
| 999 |
|
|
|a MARS
|
| 999 |
f |
f |
|s 2d8e776e-09d0-3c37-9261-561da934d4ed
|i 9a7fa5a4-0afd-385f-a234-3496b13a475e
|t 0
|
| 952 |
f |
f |
|a Texas A&M University
|b College Station
|c Sterling C. Evans Library
|d Evans: Microforms Fiche (3rd floor)
|t 0
|e PZ5 .O67 1990 no.032:145.
|h Library of Congress classification
|
| 998 |
f |
f |
|a PZ5 .O67 1990 no.032:145.
|t 0
|l Evans: Microforms Fiche (3rd floor)
|